MARC

LEADER 00000nab a2200000 a 4500
001 vtls000916776
003 SK-MaSNL
005 20260303173039.0
008 040720e19921207xo 0 slo
035 |a KE25656 
040 |a KEVKJB  |b slo  |c KEVKJB  |e AACR2 
041 0 |a slo 
044 |a xo  |c SK 
080 |a 669.1  |2 1981 
080 |a 669.162.275.2  |2 1981 
245 0 0 |a Haldy otázok aj mimo haldy VSŽ  |b Zo štvordňového pobytu M. Kováča v regióne 
590 |a Kováč, Michal 1930-  |b exprezident SR 
600 1 7 |a Kováč, Michal,  |d 1930-2023  |2 KEVKJB  |9 13813 
610 2 7 |a Východoslovenské železiarne (Košice, Slovensko)  |2 KEVKJB 
610 2 7 |a Východoslovenské železiarne (Košice, Slovensko)  |2 KEVKJB 
650 0 7 |a návštevy  |2 KEVKJB  |9 726269 
650 0 7 |a problémy ekologické  |2 KEVKJB  |9 881273 
650 0 7 |a oboznámenie  |2 KEVKJB  |9 881392 
650 0 7 |a halda suchá  |2 KEVKJB  |9 1198755 
650 0 7 |a likvidácia postupná  |2 KEVKJB  |9 1198756 
650 0 7 |a využitie  |2 KEVKJB  |9 313759 
650 0 7 |a troska  |2 KEVKJB  |9 882486 
650 0 7 |a výstavba komunikácií  |2 KEVKJB  |9 880911 
650 0 7 |a informácie  |2 KEVKJB  |9 1285 
650 0 7 |a návšteva  |2 KEVKJB  |9 873891 
651 7 |a Veľká Ida (Slovensko)  |2 KEVKJB  |9 22667 
651 7 |a KE,  |2 KEVKJB  |9 877256 
655 7 |a periodikum  |2 snkbucl  |9 29553 
710 2 |a Východoslovenské železiarne (Košice, Slovensko)  |4 aut 
710 2 |a Východoslovenské železiarne (Košice, Slovensko)  |4 aut 
773 0 8 |t Slovenský východ  |g Roč. 2  |g Roč. 20, č.288, 7.12.1992, s. 1,2 
852 |a ZVYKNI  |b KIS3GCP 
999 |c 2090813  |d 2092743